000 01060cam a2200217 4500500
005 20251228065553.0
041 _afre
042 _adc
100 1 0 _aSkiredj-Hahn, Catherine
_eauthor
245 0 0 _aCrise et misère de la psychiatrie
260 _c2020.
500 _a60
520 _aLe Fil conducteur psy rassemble des familles, des parents et fratries, des patients et des soignants, tous touchés à des places différentes par la maladie mentale, pour défendre une conception humaniste de la folie. Quels enseignements dégageons-nous qui diffèrent de ceux d’autres associations de familles ? Qu’est devenu le soin en psychiatrie à partir de nos constats ?
690 _aContention
690 _adéstigmatisation
690 _aneuro-pseudo-science
690 _apsychiatrie humaine
690 _asociété inclusive
786 0 _nVST - Vie sociale et traitements | 145 | 1 | 2020-02-11 | p. 63-69 | 0396-8669
856 4 1 _uhttps://shs.cairn.info/revue-vie-sociale-et-traitements-2020-1-page-63?lang=fr&redirect-ssocas=7080
999 _c1591793
_d1591793